LIGA PAŃSTW ARABSKICH - Statystyki

Ogólne statystyki
  • Ten quiz został rozwiązany 49 razy
  • Średni wynik to 18 z 22
Statystyki odpowiedzi
Odpowiedź % Poprawnych
Katar
94%
Libia
94%
Maroko
94%
Sudan
94%
Arabia Saudyjska
91%
Irak
91%
Jemen
91%
Kuwejt
91%
Bahrajn
89%
Egipt
89%
Liban
89%
Oman
89%
Algieria
86%
Syria
86%
Tunezja
86%
ZEA
83%
Jordania
74%
Somalia
74%
Mauretania
66%
Palestyna
57%
Dżibuti
51%
Komory
34%
Nie znaleziono quizów pasujących do podanych kryteriów
Rozkład punktacji
Procent ludzi z każdym wynikiem
Percentyl według liczby udzielonych odpowiedzi
Twoja historia wyników
Nie rozwiązałeś tego quizu